[Event "WCO2014"]
[Site "Tromso"]
[Date "2014.08.09"]
[Round "7.6"]
[WhiteID "12200336"]
[White "Yaaqoub Rashid"]
[BlackID "11000120"]
[Black "Makoto Rodwell"]
[Result "0-1"]
[LiveChessVersion "1.4.3"]
[BlackElo "2279"]
[WhiteElo "2164"]

1. e4 {[%clk 1:30:55]} e5 {[%clk 1:28:18]} 2. Nf3 {[%clk 1:31:16]} Nc6
{[%clk 1:28:42]} 3. Bc4 {[%clk 1:31:36]} Bc5 {[%clk 1:29:06]} 4. c3
{[%clk 1:31:45]} Nf6 {[%clk 1:29:29]} 5. d3 {[%clk 1:32:07]} d6 {[%clk 1:29:51]}
6. Bb3 {[%clk 1:32:29]} h6 {[%clk 1:29:13]} 7. Nbd2 {[%clk 1:32:44]} O-O
{[%clk 1:29:31]} 8. O-O {[%clk 1:30:57]} Bb6 {[%clk 1:27:21]} 9. Nc4
{[%clk 1:29:40]} Ne7 {[%clk 1:27:38]} 10. Nxb6 {[%clk 1:28:44]} axb6
{[%clk 1:28:01]} 11. Nh4 {[%clk 1:28:59]} Be6 {[%clk 1:20:54]} 12. f4
{[%clk 1:25:59]} Bxb3 {[%clk 1:20:34]} 13. Qxb3 {[%clk 1:26:07]} exf4
{[%clk 1:19:56]} 14. Bxf4 {[%clk 1:25:57]} Nd7 {[%clk 1:18:00]} 15. Be3
{[%clk 1:25:36]} Nc5 {[%clk 1:14:18]} 16. Qd1 {[%clk 1:18:40]} Nd5
{[%clk 1:04:21]} 17. Bf2 {[%clk 1:15:34]} Nf4 {[%clk 0:59:05]} 18. Bg3
{[%clk 1:09:49]} Ng6 {[%clk 0:55:40]} 19. Nf5 {[%clk 1:06:28]} Ne6
{[%clk 0:53:23]} 20. h4 {[%clk 1:05:53]} Ne7 {[%clk 0:45:14]} 21. Qg4
{[%clk 1:05:31]} Kh7 {[%clk 0:44:26]} 22. Rf2 {[%clk 1:01:14]} g6
{[%clk 0:40:57]} 23. Ne3 {[%clk 0:57:16]} Ng7 {[%clk 0:41:03]} 24. Raf1
{[%clk 0:55:25]} f5 {[%clk 0:40:27]} 25. Qd1 {[%clk 0:48:44]} Qd7
{[%clk 0:36:53]} 26. Qd2 {[%clk 0:46:51]} Rf7 {[%clk 0:32:20]} 27. Bh2
{[%clk 0:32:40]} h5 {[%clk 0:30:51]} 28. g4 {[%clk 0:31:31]} hxg4
{[%clk 0:30:20]} 29. Nxg4 {[%clk 0:31:23]} Ng8 {[%clk 0:30:23]} 30. exf5
{[%clk 0:27:48]} Nxf5 {[%clk 0:30:15]} 31. Qd1 {[%clk 0:18:22]} Raf8
{[%clk 0:29:15]} 32. Rf4 {[%clk 0:08:32]} Nxh4 {[%clk 0:23:24]} 33. Qe1
{[%clk 0:07:53]} Nf5 {[%clk 0:22:57]} 34. R1f3 {[%clk 0:04:08]} Nfh6
{[%clk 0:21:49]} 35. Nxh6 {[%clk 0:03:10]} Nxh6 {[%clk 0:21:35]} 36. Qf1
{[%clk 0:01:25]} Rxf4 {[%clk 0:21:17]} 37. Rxf4 {[%clk 0:01:49]} Rxf4
{[%clk 0:20:32]} 38. Qxf4 {[%clk 0:02:12]} Qg4+ {[%clk 0:19:42]} 39. Kf2
{[%clk 0:00:53]} Qd1 {[%clk 0:18:06]} 40. Qe4 {[%clk 0:01:14]} Qd2+
{[%clk 0:17:53]} 41. Kg1 {[%clk 0:01:24]} Qc1+ {[%clk 0:16:57]} 42. Kg2
{[%clk 0:01:34]} Qxb2+ {[%clk 0:17:04]} 43. Kh1 {[%clk 0:00:59]} Qxc3
{[%clk 0:15:08]} 44. Qxb7 {[%clk 0:00:42]} Nf5 {[%clk 0:14:12]} 45. Qd5
{[%clk 0:31:00]} Qe1+ {[%clk 0:44:12]} 46. Bg1 {[%clk 0:30:57]} Qe2
{[%clk 0:43:43]} 47. Bd4 {[%clk 0:25:47]} Qh5+ {[%clk 0:43:38]} 0-1

[Event "WCO2014"]
[Site "Tromso"]
[Date "2014.08.09"]
[Round "7.7"]
[WhiteID "14300753"]
[White "Masango Spencer"]
[BlackID "12200590"]
[Black "Ahmed Abuzied"]
[Result "0-1"]
[LiveChessVersion "1.4.3"]
[BlackElo "2154"]
[WhiteElo "2155"]

1. Nf3 {[%clk 1:30:16]} g6 {[%clk 1:30:51]} 2. c4 {[%clk 1:30:28]} Bg7
{[%clk 1:31:11]} 3. Nc3 {[%clk 1:30:42]} c5 {[%clk 1:31:33]} 4. g3
{[%clk 1:31:01]} Nc6 {[%clk 1:31:57]} 5. Bg2 {[%clk 1:31:12]} e5 {[%clk 1:31:44]}
6. O-O {[%clk 1:31:32]} Nge7 {[%clk 1:32:05]} 7. d3 {[%clk 1:31:54]} O-O
{[%clk 1:31:57]} 8. a3 {[%clk 1:32:12]} d6 {[%clk 1:31:45]} 9. Rb1
{[%clk 1:32:27]} a5 {[%clk 1:32:10]} 10. Ne1 {[%clk 1:32:29]} Be6
{[%clk 1:32:33]} 11. Bg5 {[%clk 1:32:35]} f6 {[%clk 1:31:57]} 12. Bd2
{[%clk 1:32:59]} Rb8 {[%clk 1:29:36]} 13. Nc2 {[%clk 1:32:52]} d5
{[%clk 1:28:58]} 14. cxd5 {[%clk 1:33:19]} Nxd5 {[%clk 1:28:43]} 15. Ne4
{[%clk 1:31:45]} b6 {[%clk 1:27:41]} 16. Qc1 {[%clk 1:19:59]} Qd7
{[%clk 1:24:45]} 17. Bh6 {[%clk 1:19:52]} Rfd8 {[%clk 1:19:53]} 18. Bxg7
{[%clk 1:20:01]} Kxg7 {[%clk 1:20:14]} 19. Re1 {[%clk 1:18:08]} h6
{[%clk 1:16:29]} 20. Nc3 {[%clk 1:16:48]} Nxc3 {[%clk 1:05:18]} 21. bxc3
{[%clk 1:17:04]} b5 {[%clk 1:05:32]} 22. Rd1 {[%clk 1:09:04]} a4 {[%clk 1:02:03]}
23. Qe3 {[%clk 1:04:28]} Bb3 {[%clk 1:01:51]} 24. Rd2 {[%clk 1:01:00]} Rbc8
{[%clk 0:59:57]} 25. Ne1 {[%clk 0:54:55]} Na5 {[%clk 0:55:36]} 26. Rdb2
{[%clk 0:44:20]} Qd6 {[%clk 0:54:05]} 27. Nf3 {[%clk 0:43:48]} Rc7
{[%clk 0:52:45]} 28. Nd2 {[%clk 0:42:38]} f5 {[%clk 0:52:01]} 29. f4
{[%clk 0:31:04]} Re7 {[%clk 0:44:05]} 30. fxe5 {[%clk 0:30:44]} Rxe5
{[%clk 0:42:23]} 31. Qf2 {[%clk 0:29:58]} Rde8 {[%clk 0:42:12]} 32. Nf3
{[%clk 0:29:51]} Re3 {[%clk 0:41:23]} 33. Nh4 {[%clk 0:25:57]} Qe5
{[%clk 0:39:52]} 34. Be4 {[%clk 0:24:07]} Rxe4 {[%clk 0:38:46]} 35. dxe4
{[%clk 0:24:17]} Qxe4 {[%clk 0:38:48]} 36. Qxc5 {[%clk 0:14:39]} Nc4
{[%clk 0:31:31]} 37. Nf3 {[%clk 0:08:31]} Nxb2 {[%clk 0:31:39]} 38. Rxb2
{[%clk 0:08:48]} Qe3+ {[%clk 0:32:04]} 39. Qxe3 {[%clk 0:09:11]} Rxe3
{[%clk 0:32:22]} 40. Nd4 {[%clk 0:09:21]} Rxc3 {[%clk 0:30:40]} 41. Nxb5
{[%clk 0:09:34]} Rc1+ {[%clk 0:30:49]} 42. Kf2 {[%clk 0:09:55]} Rd1
{[%clk 0:29:39]} 43. Ke3 {[%clk 0:08:30]} Rh1 {[%clk 0:24:35]} 44. h4
{[%clk 0:08:19]} Rg1 {[%clk 0:17:22]} 45. Kf2 {[%clk 0:07:11]} Rd1
{[%clk 0:17:33]} 46. Ke3 {[%clk 0:07:30]} Rg1 {[%clk 0:14:23]} 47. Kf2
{[%clk 0:07:50]} Ra1 {[%clk 0:12:39]} 48. Rd2 {[%clk 0:06:31]} Bc4
{[%clk 0:12:19]} 49. Nd6 {[%clk 0:03:09]} Be6 {[%clk 0:10:10]} 50. Ne8+
{[%clk 0:01:26]} Kf7 {[%clk 0:09:31]} 51. Nd6+ {[%clk 0:01:03]} Ke7
{[%clk 0:09:33]} 52. Rd3 {[%clk 0:00:37]} Rb1 {[%clk 0:09:17]} 53. e4
{[%clk 0:30:25]} Rb3 {[%clk 0:39:47]} 54. Rd4 {[%clk 0:27:02]} Rxa3
{[%clk 0:35:44]} 55. exf5 {[%clk 0:26:24]} gxf5 {[%clk 0:35:50]} 56. Nb7
{[%clk 0:24:10]} Ra2+ {[%clk 0:33:24]} 57. Kf3 {[%clk 0:11:41]} a3
{[%clk 0:33:10]} 58. Nc5 {[%clk 0:11:40]} Bf7 {[%clk 0:32:54]} 59. Rd7+
{[%clk 0:10:22]} Kf6 {[%clk 0:29:43]} 60. Rd6+ {[%clk 0:09:33]} Ke5
{[%clk 0:26:36]} 61. Rxh6 {[%clk 0:09:45]} Rc2 {[%clk 0:24:33]} 62. Nd3+
{[%clk 0:09:22]} Kd4 {[%clk 0:24:11]} 63. Rd6+ {[%clk 0:09:23]} Kc3
{[%clk 0:22:43]} 64. Ne1 {[%clk 0:06:33]} Rd2 {[%clk 0:22:17]} 65. Ra6
{[%clk 0:03:32]} a2 {[%clk 0:21:45]} 66. Kf4 {[%clk 0:02:39]} Bc4
{[%clk 0:20:46]} 67. Ra7 {[%clk 0:02:24]} Rd1 {[%clk 0:19:14]} 68. Ng2
{[%clk 0:02:15]} a1=Q {[%clk 0:17:53]} 69. Rxa1 {[%clk 0:02:41]} Rxa1
{[%clk 0:18:18]} 70. Kxf5 {[%clk 0:02:44]} Rg1 {[%clk 0:18:15]} 71. Ne3
{[%clk 0:02:25]} Bd3+ {[%clk 0:18:03]} 72. Kf4 {[%clk 0:02:38]} Rh1
{[%clk 0:18:11]} 73. Kg5 {[%clk 0:01:47]} Kd4 {[%clk 0:17:56]} 74. Ng4
{[%clk 0:02:00]} Rg1 {[%clk 0:17:10]} 75. Nf2 {[%clk 0:01:52]} Be2
{[%clk 0:16:23]} 76. h5 {[%clk 0:01:39]} Rxg3+ {[%clk 0:16:30]} 77. Kh4
{[%clk 0:02:08]} Rg2 {[%clk 0:16:43]} 78. Nh3 {[%clk 0:02:37]} Rg4#
{[%clk 0:17:05]} 0-1

[Event "WCO2014"]
[Site "Tromso"]
[Date "2014.08.09"]
[Round "7.1"]
[WhiteID "6200346"]
[White "Kongsee Uaychai"]
[BlackID "8700117"]
[Black "Chumfwa Stanley"]
[Result "1-0"]
[LiveChessVersion "1.4.3"]
[BlackElo "2317"]
[WhiteElo "2251"]

1. e4 {[%clk 1:30:48]} c5 {[%clk 1:30:54]} 2. Nf3 {[%clk 1:31:07]} d6
{[%clk 1:31:22]} 3. Bb5+ {[%clk 1:31:29]} Bd7 {[%clk 1:29:42]} 4. Bxd7+
{[%clk 1:31:54]} Qxd7 {[%clk 1:30:05]} 5. c4 {[%clk 1:32:17]} Nc6
{[%clk 1:30:09]} 6. Nc3 {[%clk 1:32:29]} Nf6 {[%clk 1:30:17]} 7. O-O
{[%clk 1:32:45]} g6 {[%clk 1:30:23]} 8. d4 {[%clk 1:33:09]} cxd4 {[%clk 1:30:45]}
9. Nxd4 {[%clk 1:33:38]} Bg7 {[%clk 1:30:13]} 10. Nde2 {[%clk 1:33:41]} O-O
{[%clk 1:30:21]} 11. f3 {[%clk 1:33:14]} e6 {[%clk 1:27:31]} 12. Bg5
{[%clk 1:32:40]} a6 {[%clk 1:22:30]} 13. a4 {[%clk 1:31:21]} Qc7 {[%clk 1:21:07]}
14. b3 {[%clk 1:30:35]} Qa5 {[%clk 1:13:47]} 15. Bh4 {[%clk 1:25:51]} Rfd8
{[%clk 1:00:45]} 16. Rc1 {[%clk 1:22:17]} Rd7 {[%clk 0:48:21]} 17. Be1
{[%clk 1:17:25]} Qd8 {[%clk 0:46:53]} 18. Nf4 {[%clk 1:09:56]} Ne7
{[%clk 0:37:48]} 19. Kh1 {[%clk 1:06:46]} Ne8 {[%clk 0:30:36]} 20. Bf2
{[%clk 0:57:01]} Nc7 {[%clk 0:28:08]} 21. Nd3 {[%clk 0:56:04]} Qb8
{[%clk 0:26:15]} 22. a5 {[%clk 0:53:30]} d5 {[%clk 0:23:17]} 23. Nc5
{[%clk 0:53:26]} Rd8 {[%clk 0:22:45]} 24. N3a4 {[%clk 0:50:40]} dxc4
{[%clk 0:13:37]} 25. Nd7 {[%clk 0:50:56]} Rxd7 {[%clk 0:13:31]} 26. Qxd7
{[%clk 0:51:20]} Nc6 {[%clk 0:13:47]} 27. Rxc4 {[%clk 0:44:39]} Nb5
{[%clk 0:12:25]} 28. Nb6 {[%clk 0:44:05]} Ne5 {[%clk 0:11:58]} 29. Rc8+
{[%clk 0:43:17]} Qxc8 {[%clk 0:12:13]} 30. Qxc8+ {[%clk 0:43:39]} Rxc8
{[%clk 0:12:35]} 31. Nxc8 {[%clk 0:44:04]} Nc6 {[%clk 0:12:00]} 32. Rd1
{[%clk 0:43:19]} Bc3 {[%clk 0:11:47]} 33. Rd7 {[%clk 0:40:59]} Nxa5
{[%clk 0:11:16]} 34. f4 {[%clk 0:36:37]} Nxb3 {[%clk 0:10:00]} 35. Rxb7
{[%clk 0:33:37]} Nd2 {[%clk 0:09:45]} 36. e5 {[%clk 0:33:32]} g5 {[%clk 0:08:46]}
37. g3 {[%clk 0:29:30]} gxf4 {[%clk 0:08:01]} 38. gxf4 {[%clk 0:29:49]} Ne4
{[%clk 0:08:19]} 39. Be3 {[%clk 0:28:56]} Kg7 {[%clk 0:06:08]} 40. Kg2
{[%clk 0:28:27]} Bb4 {[%clk 0:01:26]} 41. Rb6 {[%clk 0:22:28]} Bc5
{[%clk 0:29:53]} 42. Bxc5 {[%clk 0:53:42]} Nxc5 {[%clk 0:30:21]} 43. Nd6
{[%clk 0:53:00]} Nd4 {[%clk 0:28:52]} 44. Kf2 {[%clk 0:52:05]} a5
{[%clk 0:18:46]} 45. Nb7 {[%clk 0:49:25]} Ncb3 {[%clk 0:17:40]} 46. Ra6
{[%clk 0:49:36]} Kg6 {[%clk 0:14:09]} 47. Nxa5 {[%clk 0:49:44]} Nc5
{[%clk 0:14:09]} 48. Ra7 {[%clk 0:49:28]} Nb5 {[%clk 0:11:18]} 49. Re7
{[%clk 0:49:26]} Nd4 {[%clk 0:10:33]} 50. Rc7 {[%clk 0:49:01]} Ne4+
{[%clk 0:08:30]} 51. Ke3 {[%clk 0:49:10]} Nb5 {[%clk 0:08:57]} 52. Rb7
{[%clk 0:44:21]} Nec3 {[%clk 0:08:02]} 53. Nc6 {[%clk 0:44:20]} Nd5+
{[%clk 0:06:48]} 54. Kf3 {[%clk 0:44:35]} Ndc3 {[%clk 0:04:31]} 55. Rd7
{[%clk 0:42:36]} h5 {[%clk 0:03:04]} 56. Rb7 {[%clk 0:41:40]} Na3
{[%clk 0:02:21]} 57. Nd8 {[%clk 0:39:52]} f6 {[%clk 0:00:57]} 58. Nxe6
{[%clk 0:40:02]} fxe5 {[%clk 0:01:08]} 59. Nf8+ {[%clk 0:40:23]} Kf6
{[%clk 0:01:11]} 60. Nd7+ {[%clk 0:40:45]} Ke6 {[%clk 0:00:47]} 61. Nxe5
{[%clk 0:41:01]} Nab5 {[%clk 0:00:37]} 62. Rb6+ {[%clk 0:39:50]} Kd5
{[%clk 0:00:37]} 63. Ke3 {[%clk 0:35:25]} Nd6 {[%clk 0:01:00]} 64. Rb8
{[%clk 0:34:44]} Ke6 {[%clk 0:00:38]} 65. Kf3 {[%clk 0:34:09]} Ncb5
{[%clk 0:00:50]} 66. Rh8 {[%clk 0:32:21]} Nd4+ {[%clk 0:01:13]} 67. Ke3
{[%clk 0:32:42]} N4f5+ {[%clk 0:00:54]} 68. Kd3 {[%clk 0:32:57]} Ng7
{[%clk 0:00:39]} 69. Rh6+ {[%clk 0:32:25]} Kd5 {[%clk 0:01:05]} 70. Nd7
{[%clk 0:32:11]} Nb7 {[%clk 0:00:33]} 71. Nb6+ {[%clk 0:31:53]} Kc5
{[%clk 0:01:01]} 72. Na4+ {[%clk 0:32:04]} Kd5 {[%clk 0:01:18]} 73. Nc3+
{[%clk 0:32:05]} Kc5 {[%clk 0:01:44]} 74. Ne4+ {[%clk 0:32:22]} Kd5
{[%clk 0:01:55]} 75. Rh7 {[%clk 0:32:02]} Ne6 {[%clk 0:01:46]} 1-0

[Event "WCO2014"]
[Site "Tromso"]
[Date "2014.08.09"]
[Round "7.2"]
[WhiteID "8700249"]
[White "Jere Daniel"]
[BlackID "6200516"]
[Black "Pornariyasombat Atippat"]
[Result "1-0"]
[LiveChessVersion "1.4.3"]
[BlackElo "2169"]
[WhiteElo "2405"]

1. c4 {[%clk 1:30:33]} e5 {[%clk 1:30:40]} 2. g3 {[%clk 1:30:42]} Nc6
{[%clk 1:30:30]} 3. Bg2 {[%clk 1:30:57]} f5 {[%clk 1:28:39]} 4. Nc3
{[%clk 1:30:30]} Nf6 {[%clk 1:28:58]} 5. a3 {[%clk 1:27:47]} g6 {[%clk 1:22:27]}
6. d3 {[%clk 1:25:34]} Bg7 {[%clk 1:22:37]} 7. e4 {[%clk 1:23:51]} d6
{[%clk 1:20:46]} 8. Nge2 {[%clk 1:23:56]} Be6 {[%clk 1:19:52]} 9. Nd5
{[%clk 1:22:36]} fxe4 {[%clk 1:15:38]} 10. dxe4 {[%clk 1:22:52]} O-O
{[%clk 1:12:31]} 11. O-O {[%clk 1:22:58]} Qd7 {[%clk 1:10:49]} 12. f3
{[%clk 1:21:35]} Nd8 {[%clk 1:09:30]} 13. Qd3 {[%clk 1:12:27]} c6
{[%clk 1:02:15]} 14. Ndc3 {[%clk 1:11:29]} Nf7 {[%clk 0:59:09]} 15. Be3
{[%clk 1:09:53]} Qc7 {[%clk 0:53:39]} 16. Rac1 {[%clk 1:03:53]} Qe7
{[%clk 0:49:30]} 17. b4 {[%clk 0:55:48]} Rfd8 {[%clk 0:48:17]} 18. Kh1
{[%clk 0:46:23]} b6 {[%clk 0:42:31]} 19. f4 {[%clk 0:33:42]} exf4
{[%clk 0:41:14]} 20. gxf4 {[%clk 0:32:59]} Rac8 {[%clk 0:33:22]} 21. Nd4
{[%clk 0:31:38]} Ne5 {[%clk 0:30:37]} 22. fxe5 {[%clk 0:27:34]} dxe5
{[%clk 0:30:56]} 23. Nxc6 {[%clk 0:27:16]} Rxc6 {[%clk 0:31:03]} 24. Nd5
{[%clk 0:27:38]} Bxd5 {[%clk 0:20:35]} 25. exd5 {[%clk 0:26:41]} e4
{[%clk 0:19:05]} 26. Qb3 {[%clk 0:25:11]} Rcd6 {[%clk 0:16:32]} 27. Bf4
{[%clk 0:24:22]} Kh8 {[%clk 0:15:59]} 28. Bxd6 {[%clk 0:23:47]} Rxd6
{[%clk 0:15:53]} 29. c5 {[%clk 0:23:53]} bxc5 {[%clk 0:15:53]} 30. bxc5
{[%clk 0:24:17]} Rxd5 {[%clk 0:16:11]} 31. Rxf6 {[%clk 0:23:00]} Rd3
{[%clk 0:14:36]} 32. Re6 {[%clk 0:22:50]} Qf8 {[%clk 0:07:02]} 33. Qa4
{[%clk 0:22:36]} Rd4 {[%clk 0:04:26]} 34. Qc6 {[%clk 0:22:30]} Rd8
{[%clk 0:04:12]} 35. Rf1 {[%clk 0:22:37]} 1-0

[Event "WCO2014"]
[Site "Tromso"]
[Date "2014.08.09"]
[Round "7.3"]
[WhiteID "6201083"]
[White "Wiwatanadate Poompong"]
[BlackID "8700265"]
[Black "Mwali Chitumbo"]
[Result "0-1"]
[LiveChessVersion "1.4.3"]
[BlackElo "2250"]
[WhiteElo "2106"]

1. d4 {[%clk 1:30:54]} Nf6 {[%clk 1:30:55]} 2. c4 {[%clk 1:31:17]} e6
{[%clk 1:31:22]} 3. Nc3 {[%clk 1:31:41]} Bb4 {[%clk 1:31:47]} 4. e3
{[%clk 1:32:06]} c5 {[%clk 1:31:45]} 5. Bd3 {[%clk 1:32:24]} Bxc3+
{[%clk 1:31:01]} 6. bxc3 {[%clk 1:32:30]} d6 {[%clk 1:31:26]} 7. Nf3
{[%clk 1:26:34]} Nc6 {[%clk 1:31:44]} 8. O-O {[%clk 1:26:44]} e5 {[%clk 1:31:29]}
9. Nd2 {[%clk 1:27:04]} O-O {[%clk 1:31:14]} 10. Nb3 {[%clk 1:20:37]} b6
{[%clk 1:31:11]} 11. e4 {[%clk 1:16:34]} Re8 {[%clk 0:58:27]} 12. d5
{[%clk 1:06:59]} Ne7 {[%clk 0:57:41]} 13. f4 {[%clk 1:05:03]} exf4
{[%clk 0:57:37]} 14. Bxf4 {[%clk 1:05:19]} Ng4 {[%clk 0:57:40]} 15. Qf3
{[%clk 0:56:10]} f6 {[%clk 0:53:41]} 16. e5 {[%clk 0:30:50]} dxe5
{[%clk 0:52:07]} 17. d6 {[%clk 0:29:30]} Qxd6 {[%clk 0:46:47]} 18. Rad1
{[%clk 0:23:44]} Qb8 {[%clk 0:47:09]} 19. Be4 {[%clk 0:24:09]} exf4
{[%clk 0:47:29]} 20. Bxa8 {[%clk 0:20:52]} Ne3 {[%clk 0:45:16]} 21. Rde1
{[%clk 0:18:11]} Bg4 {[%clk 0:28:44]} 22. Qxf4 {[%clk 0:12:29]} Nxf1
{[%clk 0:29:06]} 23. Qxg4 {[%clk 0:08:41]} Qxa8 {[%clk 0:29:25]} 24. Qd7
{[%clk 0:08:34]} Kf8 {[%clk 0:27:48]} 25. Kxf1 {[%clk 0:09:00]} Qd8
{[%clk 0:26:45]} 26. Qxa7 {[%clk 0:06:51]} Qd3+ {[%clk 0:26:50]} 27. Kf2
{[%clk 0:07:03]} Qc2+ {[%clk 0:26:02]} 28. Re2 {[%clk 0:06:38]} Qxe2+ 0-1

[Event "WCO2014"]
[Site "Tromso"]
[Date "2014.08.09"]
[Round "7.4"]
[WhiteID "8700435"]
[White "Chumfwa Kelvin"]
[BlackID "6201059"]
[Black "Thanarotrung Ratchaphon"]
[Result "1-0"]
[LiveChessVersion "1.4.3"]
[BlackElo "1951"]
[WhiteElo "2193"]

1. e4 {[%clk 1:30:42]} e5 {[%clk 1:30:38]} 2. Nf3 {[%clk 1:30:53]} Nc6
{[%clk 1:31:01]} 3. Bb5 {[%clk 1:31:09]} a6 {[%clk 1:31:25]} 4. Ba4
{[%clk 1:31:30]} d6 {[%clk 1:31:50]} 5. c3 {[%clk 1:31:15]} Bd7 {[%clk 1:32:16]}
6. O-O {[%clk 1:31:18]} Nge7 {[%clk 1:32:40]} 7. d4 {[%clk 1:31:16]} Ng6
{[%clk 1:33:06]} 8. d5 {[%clk 1:31:36]} Nb8 {[%clk 1:33:31]} 9. Bxd7+
{[%clk 1:31:39]} Nxd7 {[%clk 1:33:11]} 10. c4 {[%clk 1:32:06]} a5
{[%clk 1:33:28]} 11. Nc3 {[%clk 1:32:25]} Be7 {[%clk 1:33:12]} 12. Be3
{[%clk 1:32:39]} O-O {[%clk 1:33:30]} 13. Qc2 {[%clk 1:32:30]} Nh4
{[%clk 1:31:06]} 14. Nxh4 {[%clk 1:30:55]} Bxh4 {[%clk 1:31:30]} 15. a3
{[%clk 1:31:18]} Bg5 {[%clk 1:29:49]} 16. Rae1 {[%clk 1:30:08]} g6
{[%clk 1:27:19]} 17. b4 {[%clk 1:25:33]} f5 {[%clk 1:17:37]} 18. Bxg5
{[%clk 1:22:50]} Qxg5 {[%clk 1:17:58]} 19. Nb5 {[%clk 1:23:13]} f4
{[%clk 1:13:05]} 20. f3 {[%clk 1:23:06]} Qd8 {[%clk 1:07:51]} 21. c5
{[%clk 1:23:19]} Nf6 {[%clk 1:07:25]} 22. cxd6 {[%clk 1:23:05]} cxd6
{[%clk 1:07:46]} 23. Qc7 {[%clk 1:23:08]} axb4 {[%clk 1:07:01]} 24. Qxd8
{[%clk 1:21:30]} Rfxd8 {[%clk 1:07:19]} 25. axb4 {[%clk 1:21:51]} Ra4
{[%clk 1:06:28]} 26. Rb1 {[%clk 1:22:17]} Ne8 {[%clk 1:06:55]} 27. Rfc1
{[%clk 1:21:23]} Rda8 {[%clk 1:05:23]} 28. h4 {[%clk 1:12:26]} Kf7
{[%clk 0:54:04]} 29. Nc7 {[%clk 1:11:20]} Rd8 {[%clk 0:53:31]} 30. b5
{[%clk 1:02:43]} Ke7 {[%clk 0:51:23]} 31. b6 {[%clk 0:58:23]} h6 {[%clk 0:36:03]}
32. Nxe8 {[%clk 0:58:02]} Kxe8 {[%clk 0:36:21]} 33. Rc7 {[%clk 0:58:20]} Rd7
{[%clk 0:34:29]} 34. Rbc1 {[%clk 0:57:37]} Rb4 {[%clk 0:32:44]} 35. Rxd7
{[%clk 0:57:50]} Kxd7 {[%clk 0:33:10]} 36. Rc7+ {[%clk 0:58:02]} Kd8
{[%clk 0:33:25]} 37. Rxb7 {[%clk 0:58:26]} g5 {[%clk 0:32:30]} 38. h5
{[%clk 0:58:28]} Rb1+ {[%clk 0:27:50]} 39. Kh2 {[%clk 0:58:48]} Rb2
{[%clk 0:28:11]} 40. Kh3 {[%clk 0:58:42]} Rb1 {[%clk 0:28:37]} 41. Kg4
{[%clk 0:58:08]} Rh1 {[%clk 0:27:40]} 42. Rb8+ {[%clk 0:58:14]} Kd7
{[%clk 0:27:57]} 43. Rh8 {[%clk 0:58:15]} Rb1 {[%clk 0:26:18]} 44. b7
{[%clk 0:58:37]} 1-0

[Event "WCO2014"]
[Site "Tromso"]
[Date "2014.08.09"]
[Round "7.48"]
[WhiteID "8500037"]
[White "Kigigha Bomo"]
[BlackID "5700590"]
[Black "Lim Yee-Weng"]
[Result "0-1"]
[LiveChessVersion "1.4.3"]
[BlackElo "2311"]
[WhiteElo "2197"]

1. c4 {[%clk 1:30:58]} c6 {[%clk 1:30:13]} 2. Nf3 {[%clk 1:30:32]} Nf6
{[%clk 1:30:15]} 3. g3 {[%clk 1:30:40]} d5 {[%clk 1:30:36]} 4. cxd5
{[%clk 1:29:53]} cxd5 {[%clk 1:30:59]} 5. Bg2 {[%clk 1:30:15]} Bf5
{[%clk 1:31:21]} 6. Nc3 {[%clk 1:29:32]} Nc6 {[%clk 1:29:10]} 7. d4
{[%clk 1:26:55]} e6 {[%clk 1:28:58]} 8. O-O {[%clk 1:22:22]} h6 {[%clk 1:22:47]}
9. Qb3 {[%clk 1:18:41]} a6 {[%clk 1:06:06]} 10. Bf4 {[%clk 1:09:34]} Na5
{[%clk 0:55:23]} 11. Qd1 {[%clk 1:03:32]} Bd6 {[%clk 0:44:02]} 12. Bxd6
{[%clk 0:56:57]} Qxd6 {[%clk 0:44:29]} 13. Ne5 {[%clk 0:57:10]} Rc8
{[%clk 0:39:34]} 14. Qa4+ {[%clk 0:36:29]} Nc6 {[%clk 0:39:59]} 15. f3
{[%clk 0:36:53]} O-O {[%clk 0:33:31]} 16. e4 {[%clk 0:26:54]} dxe4
{[%clk 0:29:51]} 17. fxe4 {[%clk 0:24:58]} Nxd4 {[%clk 0:22:58]} 18. exf5
{[%clk 0:11:11]} Qxe5 {[%clk 0:23:16]} 19. Bxb7 {[%clk 0:04:53]} Rb8
{[%clk 0:23:40]} 20. Qxa6 {[%clk 0:05:10]} Nxf5 {[%clk 0:22:48]} 21. Rab1
{[%clk 0:04:18]} Ng4 {[%clk 0:20:38]} 22. Rf4 {[%clk 0:02:04]} Qe3+
{[%clk 0:17:42]} 23. Kh1 Nf2+ {[%clk 0:17:20]} 24. Kg2 {[%clk 0:00:37]} Nd3
{[%clk 0:17:48]} 25. Rff1 {[%clk 0:00:32]} Nc5 {[%clk 0:17:46]} 26. Nd1 Qd2+
{[%clk 0:17:24]} 27. Rf2 {[%clk 0:00:54]} Qd4 {[%clk 0:16:47]} 28. Rf4
{[%clk 0:00:57]} Qxd1 {[%clk 0:15:00]} 29. Rxd1 {[%clk 0:00:32]} Nxa6
{[%clk 0:14:54]} 30. Bxa6 {[%clk 0:00:31]} Ne3+ {[%clk 0:15:18]} 31. Kf3
{[%clk 0:00:40]} Nxd1 {[%clk 0:15:32]} 32. b3 {[%clk 0:01:01]} Ra8
{[%clk 0:15:32]} 33. Ra4 {[%clk 0:00:36]} Nc3 {[%clk 0:15:49]} 34. Ra5
{[%clk 0:01:01]} Rfb8 {[%clk 0:15:59]} 0-1